000 00497nam a2200181Ia 4500
005 20250508154734.0
008 008 250505s9999 xx 000 0 eng d
037 _aTextual
040 _aFEDL
_beng
_cFEDL
041 _aeng
_2eng
084 _a364.7, ROS
_qFEDL
100 _aRose Gordon
245 0 _aSchools for young offenders
260 _aLondon, UK
_bTavistock Publications Limited
_c1967
300 _aix,244p.
942 _cTEXL
_h364.7, ROS
999 _c1351898
_d1351898